<?xml version="1.0" encoding="UTF-8"?>
<collection xmlns="http://www.loc.gov/MARC21/slim">
 <record>
  <leader>01456nam a22002055a 4500</leader>
  <controlfield tag="001">CEM.cems010821</controlfield>
  <controlfield tag="005">20100915114841.0</controlfield>
  <controlfield tag="008">130507s1999##################000#0#####d</controlfield>
  <controlfield tag="003">CEMS</controlfield>
  <datafield tag="020" ind1=" " ind2=" ">
   <subfield code="a">9508600209</subfield>
  </datafield>
  <datafield tag="082" ind1="0" ind2="4">
   <subfield code="a">A868.4</subfield>
  </datafield>
  <datafield tag="100" ind1="1" ind2=" ">
   <subfield code="a">Timossi, Jorge</subfield>
  </datafield>
  <datafield tag="245" ind1="1" ind2="0">
   <subfield code="a">Crónicas casi reales /</subfield>
   <subfield code="c">Jorge Timossi</subfield>
  </datafield>
  <datafield tag="260" ind1=" " ind2=" ">
   <subfield code="a">Buenos Aires :</subfield>
   <subfield code="b">Instituto Movilizador de Fondos Cooperativos,</subfield>
   <subfield code="c">1999</subfield>
  </datafield>
  <datafield tag="300" ind1=" " ind2=" ">
   <subfield code="a">127 p.</subfield>
  </datafield>
  <datafield tag="490" ind1="0" ind2=" ">
   <subfield code="a">Desde la gente</subfield>
  </datafield>
  <datafield tag="505" ind1="0" ind2=" ">
   <subfield code="a">Arreola, el confabulado -- Otro fervor en Buenos Aires -- La bruja del amor -- El fotógrafo de la plaza -- La vida de las cifras -- Las paredes que gritan -- La Habana en bicicleta -- Lima la oscura -- El robo del meteorito -- Los ojos de buey -- El oro del anciano -- La sucesión -- El sancocho panameño -- El tesoro -- Formas de vivir -- Aracataca, tierra de triunfadores -- Las bandas presidenciales -- Ni loros, ni sapos -- La ley del cangaceiro -- Confusión -- Abrelatas para un ataúd -- El santuario de las mariposas -- El perro de Stroessner --  Sentimientos de un gaucho -- Arsacio y el oso negro -- De tanto no tener nada -- El viejo, el violín y otros pormenores -- Superbarrio, el vengador popular -- El cóndor militarizado -- Cuestiones de política -- Identidad -- No existe pecado -- Otra cosa es con violines -- El teatro de Cristóbal Colón</subfield>
  </datafield>
  <datafield tag="653" ind1=" " ind2=" ">
   <subfield code="a">Literatura</subfield>
  </datafield>
  <datafield tag="653" ind1=" " ind2=" ">
   <subfield code="a">Literatura argentina siglo 20</subfield>
  </datafield>
  <datafield tag="859" ind1=" " ind2=" ">
   <subfield code="a">CEMS</subfield>
   <subfield code="b">BIB. CEMS - 11 de abril</subfield>
   <subfield code="h">A868.4</subfield>
   <subfield code="i">T487</subfield>
   <subfield code="p">21480.01</subfield>
   <subfield code="t">Ej.1</subfield>
  </datafield>
 </record>
</collection>
